Osteoporóza - súčasné možnosti terapie

Bibliographic Details
Main Authors: Killinger, Zdenko, 1960- (Author), Payer, Juraj, 1958- (Author)
Format: Article
Language:Slovak
ISSN:1335-8359
Subjects:

MARC

LEADER 00000nab a2200000 a 4500
001 vtls000874753
003 SK-MaSNL
005 20260305001554.0
008 250429c2004 xo 0 slo
015 |a SNBRB2004/06-17217 
035 |a CLN000226305 
035 |a urn:nbn:sk:snk-ab32al 
035 |a (urnnbn)urn:nbn:sk:snk:ar-a05js9 
035 |a (uuid)43d01691-fe42-4233-bdab-172fdca2e0f6 
040 |a SNKBUCL  |b slo  |c SNKBUCL  |e AACR2 
041 0 |a slo 
044 |a xo  |c SK 
080 |a 616.71-007.234-085  |2 1997 
100 1 |a Killinger, Zdenko,  |d 1960-  |4 aut  |9 190338 
245 1 0 |a Osteoporóza - súčasné možnosti terapie  |c Zdenko Killinger, Juraj Payer 
246 1 1 |a Osteoporosis - recent therapeutic possibilities 
504 |a Res. angl., slov. 
504 |a Bibliogr. odkazy 
650 0 7 |a osteoporóza  |2 MESH  |9 953 
650 0 7 |a denzitometria (medicína)  |2 MESH  |9 260116 
650 0 7 |a terapia hormonálna substitučná  |2 MESH  |9 871203 
650 0 7 |a zlomeniny  |2 MESH  |9 1052 
650 0 7 |a diferenciálna diagnostika  |2 MESH  |9 69886 
655 7 |a články z novín a časopisov  |2 snkbucl  |9 267496 
700 1 |a Payer, Juraj,  |d 1958-  |4 aut  |9 190344 
773 0 |t Interná medicína  |g Roč. 4, č. 2 (2004), s. 109-112  |x 1335-8359 
850 |a Slovenská národná knižnica 
852 |a Slovenská národná knižnica 
954 |a odborná, vedecká literatúra pôvodná (slovenská)  |2 lita 
958 |a article2022 
958 |a MI 
958 |a NB 
958 |a OND 
958 |a EUIPO 
999 |c 3220163  |d 3222093